Statistics for Top XIs: Brazil (1970-2023)

Click here to take the quiz!

General Stats

  • This quiz has been taken 636 times
    (548 since last reset)
  • The average score is 202 of 500

Answer Stats

HintPositionAnswer% Correct
2017STNeymar
94%
2011STNeymar
94%
2015STNeymar
94%
2014STNeymar
94%
2013STNeymar
94%
2020STNeymar
94%
2022MFNeymar
94%
2012 OGSTNeymar
94%
2012STNeymar
94%
2021STNeymar
94%
2021 CASTNeymar
94%
2018STNeymar
94%
1986MFPele
89%
1999 CCSTRonaldinho
89%
2004MFRonaldinho
89%
2008 OGMFRonaldinho
89%
2006MFRonaldinho
89%
2003MFRonaldinho
89%
2005MFRonaldinho
89%
2002MFRonaldinho
89%
2002STRonaldo
89%
2006STRonaldo
89%
2003STRonaldo
89%
1999 CASTRonaldo
89%
2005STRonaldo
89%
2004STRonaldo
89%
1996STRonaldo
89%
1998 WCSTRonaldo
89%
1996 OGSTRonaldo
89%
1997STRonaldo
89%
2010DFDani Alves
84%
2013DFDani Alves
84%
2021 OGDFDani Alves
84%
2014DFDani Alves
84%
2015DFDani Alves
84%
2017DFDani Alves
84%
2016DFDani Alves
84%
2019DFDani Alves
84%
1999 CAMFRivaldo
82%
1998 WCMFRivaldo
82%
2003STRivaldo
82%
2001STRivaldo
82%
1996 OGMFRivaldo
82%
2002STRivaldo
82%
2000STRivaldo
82%
1998MFRivaldo
82%
2017DFMarquinhos
81%
2019DFMarquinhos
81%
2020DFMarquinhos
81%
2016DFMarquinhos
81%
2021DFMarquinhos
81%
2022DFMarquinhos
81%
2021 CADFMarquinhos
81%
2023DFMarquinhos
81%
2021 CAMFCasemiro
79%
2023MFCasemiro
79%
2022MFCasemiro
79%
2017MFCasemiro
79%
2016MFCasemiro
79%
2019MFCasemiro
79%
2020MFCasemiro
79%
2018MFCasemiro
79%
2003 GCMFKaká
78%
2010MFKaká
78%
2005MFKaká
78%
2006MFKaká
78%
2009MFKaká
78%
2023STVinicius Junior
78%
2022STVinicius Junior
78%
2004DFCafu
77%
1998 WCDFCafu
77%
1999 CADFCafu
77%
2000DFCafu
77%
1998DFCafu
77%
2002DFCafu
77%
2003DFCafu
77%
1997DFCafu
77%
2006DFCafu
77%
2012 OGDFMarcelo
77%
2008 OGDFMarcelo
77%
2013DFMarcelo
77%
2014DFMarcelo
77%
2018DFMarcelo
77%
2012DFMarcelo
77%
2001STRomário
76%
1994STRomário
76%
1997STRomário
76%
1998 GCSTRomário
76%
2005MFZé Roberto
76%
1999 CAMFZé Roberto
76%
2000MFZé Roberto
76%
2003MFZé Roberto
76%
2006MFZé Roberto
76%
1999 CCMFZé Roberto
76%
2021 OGSTRicharlison
74%
2021 CASTRicharlison
74%
2020STRicharlison
74%
2022STRicharlison
74%
2023STRicharlison
74%
2014STFred
72%
2013STFred
72%
2018STGabriel Jesus
72%
2017STGabriel Jesus
72%
2019STGabriel Jesus
72%
1988 OGDFOscar
71%
1988MFZico
70%
2001DFLúcio
69%
2011DFLúcio
69%
2002DFLúcio
69%
2009DFLúcio
69%
2008DFLúcio
69%
2006DFLúcio
69%
2005DFLúcio
69%
2003DFLúcio
69%
2010DFLúcio
69%
1988 OGSTSócrates
68%
1986DFCarlos Alberto
63%
2009STRobinho
62%
2010STRobinho
62%
2008STRobinho
62%
2011STRobinho
62%
2003 GCSTRobinho
62%
2007STRobinho
62%
2004 CASTAdriano
60%
2005STAdriano
60%
2006STAdriano
60%
2021DFÉder Militão
58%
2022DFÉder Militão
58%
2023DFÉder Militão
58%
2015MFPhilippe Coutinho
58%
2016MFPhilippe Coutinho
58%
2017MFPhilippe Coutinho
58%
2019MFPhilippe Coutinho
58%
2018MFPhilippe Coutinho
58%
2015MFFernandinho
57%
2014MFFernandinho
57%
2012 OGSTHulk
57%
2012STHulk
57%
2014STHulk
57%
2013STHulk
57%
2015STRoberto Firmino
57%
2019STRoberto Firmino
57%
2020STRoberto Firmino
57%
2021DFDanilo
56%
2021 CADFDanilo
56%
2023DFDanilo
56%
2020DFDanilo
56%
2022DFDanilo
56%
2008DFMaicon
56%
2004 CADFMaicon
56%
2003 GCDFMaicon
56%
2007DFMaicon
56%
2010DFMaicon
56%
2011DFMaicon
56%
2009DFMaicon
56%
1986STJairzinho
55%
2021DFAlex Sandro
54%
2023DFAlex Sandro
54%
2019DFAlex Sandro
54%
2022MFLucas Paquetá
54%
2021MFLucas Paquetá
54%
2021 CAMFLucas Paquetá
54%
2023MFLucas Paquetá
54%
2016MFWillian
53%
2018MFWillian
53%
2015MFWillian
53%
1994STBebeto
51%
1993STBebeto
51%
1998 WCSTBebeto
51%
1996 OGSTBebeto
51%
2012MFRamires
51%
2011MFRamires
51%
2021MFFabinho
50%
2013MFPaulinho
50%
2018MFPaulinho
50%
2017MFPaulinho
50%
2012MFPaulinho
50%
1998 WCMFDunga
49%
1997MFDunga
49%
1995MFDunga
49%
1994MFDunga
49%
1993MFDunga
49%
2004 CAMFAlex
48%
1999 CCMFAlex
48%
2001 CAMFAlex
48%
2012 OGMFSandro
47%
2015DFThiago Silva
47%
2018DFThiago Silva
47%
2017DFThiago Silva
47%
2013DFThiago Silva
47%
2022DFThiago Silva
47%
2011DFThiago Silva
47%
2019DFThiago Silva
47%
2020DFThiago Silva
47%
2014DFThiago Silva
47%
2021 CADFThiago Silva
47%
2012DFThiago Silva
47%
2012 OGDFThiago Silva
47%
2014DFDavid Luiz
46%
2012DFDavid Luiz
46%
2013DFDavid Luiz
46%
2001 CAMFEduardo Costa
46%
2001 CAMFÉmerson
46%
2003MFÉmerson
46%
2005MFÉmerson
46%
2001MFÉmerson
46%
1999 CAMFÉmerson
46%
1999 CCMFÉmerson
46%
2000MFÉmerson
46%
1995MFJuninho Paulista
46%
1996 OGMFJuninho Paulista
46%
2021STRaphinha
46%
2022STRaphinha
46%
1999 CADFRoberto Carlos
46%
1998 WCDFRoberto Carlos
46%
1997DFRoberto Carlos
46%
1996 OGDFRoberto Carlos
46%
2003DFRoberto Carlos
46%
2001DFRoberto Carlos
46%
2000DFRoberto Carlos
46%
1995DFRoberto Carlos
46%
2004DFRoberto Carlos
46%
2006DFRoberto Carlos
46%
2002DFRoberto Carlos
46%
2016DFGil
45%
2021 OGSTAntony
42%
2023STAntony
42%
1988 OGMFJunior
42%
1998 GCDFJúnior
42%
1994DFMárcio Santos
42%
1993DFMárcio Santos
42%
2008 OGSTAlexandre Pato
40%
2011STAlexandre Pato
40%
2010DFJuan
40%
2004 CADFJuan
40%
2007DFJuan
40%
2001DFJuan
40%
2001 CADFJuan
40%
2006DFJuan
40%
2004DFJuan
40%
2008DFJuan
40%
2008 OGMFAnderson
39%
2001MFEdmílson
39%
2002MFEdmílson
39%
2004 CAMFKléberson
38%
2002MFKléberson
38%
2013MFLuiz Gustavo
38%
2014MFLuiz Gustavo
38%
1986MFRoberto Rivelino
38%
1989MFÉder
37%
2005DFGilberto
37%
2007DFGilberto
37%
2018DFMiranda
37%
2017DFMiranda
37%
2015DFMiranda
37%
2000DFAldair
35%
1996 OGDFAldair
35%
1994DFAldair
35%
1995DFAldair
35%
1997DFAldair
35%
1998 WCDFAldair
35%
2009MFFelipe Melo
35%
2010MFFelipe Melo
35%
2004 CASTLuís Fabiano
35%
2010STLuís Fabiano
35%
2008STLuís Fabiano
35%
2009STLuís Fabiano
35%
2004STLuís Fabiano
35%
1998 WCMFLeonardo
34%
1997MFLeonardo
34%
2008 OGDFRafinha
34%
2009MFGilberto Silva
33%
2010MFGilberto Silva
33%
2003MFGilberto Silva
33%
2007MFGilberto Silva
33%
2006MFGilberto Silva
33%
2002MFGilberto Silva
33%
2008MFGilberto Silva
33%
2021 OGMFBruno Guimarães
32%
2023MFBruno Guimarães
32%
1998MFDenílson
32%
1997MFDenílson
32%
2001 CAMFDenílson
32%
1988 OGSTFalcão
32%
1994DFJorginho
32%
1995DFJorginho
32%
1993DFJorginho
32%
2021 CASTÉverton
30%
2019STÉverton
30%
2008 OGMFLucas Leiva
30%
2011MFLucas Leiva
30%
2012MFLucas Moura
30%
2016DFFilipe Luís
29%
2015DFFilipe Luís
29%
1993MFRaí
29%
1994MFRaí
29%
1998DFSerginho
29%
1999 CCDFSerginho
29%
1986STTostão
29%
2019MFArthur Melo
28%
2020MFArthur Melo
28%
1986MFGerson
28%
2004DFRoque Júnior
28%
2001 CADFRoque Júnior
28%
2001DFRoque Júnior
28%
2005DFRoque Júnior
28%
2002DFRoque Júnior
28%
1990DFCareca
27%
1998DFCésar
26%
2008MFDiego
26%
2008 OGMFDiego
26%
2003 GCMFDiego
26%
2008MFElano
26%
2009MFElano
26%
1998STGiovane Elber
26%
1998 WCMFCésar Sampaio
25%
1995MFCésar Sampaio
25%
2000MFCésar Sampaio
25%
2021STGabriel Barbosa
25%
2016STGabriel Barbosa
25%
1998 WCDFJúnior Baiano
25%
1998 GCDFJúnior Baiano
25%
1994MFMauro Silva
25%
1993MFMauro Silva
25%
1998 GCMFMauro Silva
25%
1992DFMazinho
25%
2012 OGDFRafael
25%
2020DFRenan Lodi
25%
2021 CADFRenan Lodi
25%
1993DFBranco
24%
1994DFBranco
24%
2003DFLuisão
24%
2009DFLuisão
24%
2003 GCDFLuisão
24%
2004 CADFLuisão
24%
2008DFLuisão
24%
1991DFDouglas
23%
1993MFZinho
23%
1994MFZinho
23%
1998 GCMFZinho
23%
1998 GCSTEdmundo
22%
1995STEdmundo
22%
2011MFGanso
22%
2001 CADFJuliano Belletti
22%
1993STMüller
22%
1993DFRicardo Gomes
22%
1987DFZe Maria
22%
2003 GCMFJúlio Baptista
21%
2007MFJúlio Baptista
21%
2016MFRenato Augusto
21%
2017MFRenato Augusto
21%
1990MFAlemão
20%
2004 CAMFEdú Gaspar
20%
2004MFEdú Gaspar
20%
2007STVágner Love
19%
1989DFZé Sérgio
19%
1986MFClodoaldo
18%
2004 CAMFRenato
18%
2004MFRenato
18%
1988 OGDFToninho Cerezo
18%
1996STGiovanni
17%
1986DFWilson Piazza
17%
1996DFAndré Luiz
16%
2005DFCicinho
16%
1987MFLuis Pereira
16%
1988STRoberto Dinamite
16%
2001 CADFCris
15%
2021 OGDFDiego Carlos
15%
2008 OGDFAlex Silva
14%
2008 OGMFHernanes
14%
1989DFLuizinho
14%
1988DFMarinho Peres
14%
2021 OGSTMatheus Cunha
14%
1992STRicardo Rocha
14%
1998MFVampeta
14%
2001MFVampeta
14%
1999 CCMFVampeta
14%
2000MFVampeta
14%
1986DFEveraldo
13%
1996MFFlávio Conceição
13%
1998MFFlávio Conceição
13%
1999 CAMFFlávio Conceição
13%
1998 GCMFFlávio Conceição
13%
1997MFFlávio Conceição
13%
1996 OGMFFlávio Conceição
13%
1999 CCMFFlávio Conceição
13%
1990MFJosimar
13%
2010MFMichel Bastos
13%
1988DFAmaral
12%
1996MFAmaral
12%
1986DFBrito
12%
2018DFFágner
12%
1989MFLeandro
12%
2003 GCSTNilmar
12%
1995MFSávio
12%
1996MFSávio
12%
1995DFAndré Cruz
11%
1996DFAndré Cruz
11%
2000DFAntônio Carlos Zago
11%
1999 CADFAntônio Carlos Zago
11%
1998DFAntônio Carlos Zago
11%
1988DFDirceu
11%
2020MFDouglas Luiz
11%
2021 OGMFDouglas Luiz
11%
1998 GCDFGonçalves
11%
1997DFGonçalves
11%
1996DFGonçalves
11%
2004MFJun. Pernambucano
11%
1998STMárcio Amoroso
11%
1999 CASTMárcio Amoroso
11%
2013MFOscar
10%
2012 OGMFOscar
10%
2014MFOscar
10%
2012MFOscar
10%
1989MFCarlos Mozer
9%
1988 OGDFEdinho
9%
1999 CCDFEvanilson
9%
2001 CASTEwerthon
9%
1992MFJoão Paulo
9%
1992MFJúlio César
9%
2012 OGSTLeandro Damião
9%
1992STRenato Gaúcho
9%
1992MFRenato Gaúcho
9%
2021MFFred
8%
2021 CAMFFred
8%
1992DFLuís Henrique
8%
1987MFMarco Antonio
8%
1988DFPaulo C. Carpegiani
8%
2012 OGMFRômulo
8%
2012MFRômulo
8%
1991MFAdemir
7%
1991MFAloísio
7%
2008 OGDFBreno
7%
2021 OGMFClaudinho
7%
1987STMarinho Chagas
7%
1991STMauro Galvão
7%
1989DFNelinho
7%
2021 OGDFNino
7%
1989DFSerginho Chulapa
7%
1987STValdomiro
7%
1996 OGMFZé Elias
7%
1989STAndrade
6%
1988 OGMFBatista
6%
2021 OGDFGuilherme Arana
6%
1999 CCDFJoão Carlos
6%
1988 OGMFJorge Mendonça
6%
1987MFLeivinha
6%
1992DFNeto
6%
1992DFSilas
6%
2009DFAndré Santos
5%
2011DFAndré Santos
5%
1998 GCMFDoriva
5%
2000STFrança
5%
2008MFJosué
5%
2007MFJosué
5%
1988 OGSTTita
5%
1990MFCasagrande
4%
1990STElzo
4%
2001MFFábio Rochemback
4%
1991MFGeovani Silva
4%
2012 OGDFJuan Jesus
4%
1999 CCDFOdvan
4%
1999 CADFOdvan
4%
2003 GCMFPaulo Almeida
4%
1987MFPaulo César “Caju”
4%
1988MFReinaldo
4%
1995STTúlio Maravilha
4%
1987DFVaguinho
4%
2001 CASTGuilherme
3%
2004 CADFGustavo Nery
3%
2007MFMineiro
3%
1992MFRonaldão
3%
1987DFZequinha
3%
1988MFChicão
2%
1990DFÉdson Boaro
2%
1990STGeraldão
2%
1991MFLuís Carlos Winck
2%
1991DFNelsinho
2%
1988MFOrlando Lelé
2%
1996STPaulo Jamelli
2%
1988 OGDFToninho Baiano
2%
1987DFVantuir
2%
2007DFAlex
1%
2003 GCDFAlex
1%
1989MFEdevaldo
1%
1991DFEdu Marangon
1%
1990DFJorginho Putinatti
1%
1991STLuiz Milton
1%
1989STMárcio Rossini
1%
1996 OGDFRonaldo Guiaro
1%
1990DFWladimir
1%
1998 GCDFZé Maria
1%
1996DFZé Maria
1%
1996 OGDFZé Maria
1%
1990DFZenon
1%
2003 GCDFAdriano
0%
2016MFElias
0%
2015MFElias
0%
1988STGil
0%
1991DFValdo
0%

Score Distribution

Percentile by Number Answered

Percent of People with Each Score

Your Score History

You have not taken this quiz since the last reset